000
00322nam a2200133 a 4500
008
980515s1987||||xx 0 und c
040
_a
SNK
_b
slo
_c
SNK
_e
AACR2
100
1
_a
Figuli, Margita
245
1
0
_a
Babylon 2
260
_a
Bratislava
_b
Slovenský spisovateľ
_c
1987
020
_c
52
044
_a
xo
_c
SK
041
_a
slo
999
_c
10354
_d
10354